Statistics for Elements Named For Places

Click here to take the quiz!

General Stats

  • This quiz has been taken 33 times
  • The average score is 7 of 10

Answer Stats

ElementPlace% Correct
EuropiumEurope
100%
FranciumFrance
100%
PoloniumPoland
100%
IndiumIndia
94%
TennessineTennessee
94%
NihoniumJapan
81%
BerkeliumUC Berkeley
59%
RutheniumRussia
44%
LutetiumParis
41%
CopperCyprus
28%

Score Distribution

Percentile by Number Answered

Percent of People with Each Score

Your Score History

You have not taken this quiz